000 00316nam a22001337a 4500
020 _a81-204-1533-7
041 _aENG
100 _aGrover.V.I
245 _aRecovering Energy From Waste Various Aspects
260 _aNew Delhi
_bOxford & IBH Pub
_c2002
300 _a338
650 _aEOES
856 _uEOES ( 39 )
999 _c1302
_d1302